Miasta w Polsce na prawach powiatu - Statystyki

Ogólne statystyki
  • Ten quiz został rozwiązany 390 razy
    386 od ostatniego zresetowania
  • Średni wynik to 46 z 66
Statystyki odpowiedzi
Województwo Nazwa Miasta % Poprawnych
Lubelskie Lublin
94%
Podlaskie Białystok
92%
Pomorskie Gdańsk
92%
Kujawsko-Pomorskie Bydgoszcz
90%
Pomorskie Gdynia
90%
Mazowieckie Warszawa
90%
Śląskie Katowice
88%
Małopolskie Kraków
88%
Łódzkie Łódź
86%
Zachodniopomorskie Szczecin
86%
Kujawsko-Pomorskie Toruń
86%
Lubuskie Zielona Góra
86%
Warmińsko-Mazurskie Olsztyn
85%
Opolskie Opole
85%
Wielkopolskie Poznań
85%
Podkarpackie Rzeszów
85%
Dolnośląskie Wrocław
85%
Lubuskie Gorzów Wielkopolski
84%
Świętokrzyskie Kielce
83%
Mazowieckie Radom
82%
Śląskie Częstochowa
78%
Zachodniopomorskie Koszalin
78%
Pomorskie Sopot
77%
Warmińsko-Mazurskie Elbląg
76%
Śląskie Bytom
73%
Śląskie Gliwice
73%
Wielkopolskie Kalisz
73%
Podlaskie Suwałki
72%
Małopolskie Tarnów
72%
Śląskie Chorzów
71%
Śląskie Sosnowiec
71%
Lubelskie Zamość
71%
Śląskie Bielsko-Biała
69%
Wielkopolskie Konin
69%
Mazowieckie Płock
69%
Pomorskie Słupsk
68%
Dolnośląskie Legnica
67%
Śląskie Zabrze
67%
Śląskie Rybnik
66%
Kujawsko-Pomorskie Włocławek
66%
Lubelskie Biała Podlaska
65%
Lubelskie Chełm
65%
Dolnośląskie Jelenia Góra
65%
Łódzkie Piotrków Trybunalski
65%
Podkarpackie Przemyśl
65%
Dolnośląskie Wałbrzych
65%
Kujawsko-Pomorskie Grudziądz
64%
Małoposlekie Nowy Sącz
64%
Śląskie Dąbrowa Górnicza
62%
Śląskie Tychy
62%
Podlaskie Łomża
60%
Podkarpackie Krosno
58%
Wielkopolskie Leszno
58%
Mazowieckie Siedlce
57%
Mazowieckie Ostrołęka
54%
Zachodniopomorskie Świnoujście
54%
Śląskie Ruda Śląska
53%
Podkarpackie Tarnobrzeg
53%
Łódzkie Skierniewice
49%
Śląskie Żory
49%
Śląskie Jaworzno
47%
Śląskie Mysłowice
45%
Śląskie Siemianowice Śląskie
45%
Śląskie Jastrzębie-Zdrój
43%
Śląskie Piekary Śląskie
42%
Śląskie Świętochłowice
40%
Nie znaleziono quizów pasujących do podanych kryteriów
Rozkład punktacji
Procent ludzi z każdym wynikiem
Percentyl według liczby udzielonych odpowiedzi
Twoja historia wyników
Nie rozwiązałeś tego quizu od ostatniego zresetowania